Movies Quiz

Random Movies or Animation Quiz
Score 0/20 Timer 05:00
36 Plays Today
Letter Movie % Correct
BBambi
93.9%
CCinderella
92.2%
AAladdin
87.2%
TTarzan
86.2%
LLady and the Tramp
84.2%
FFantasia
83.3%
PPinocchio
80.2%
SSleeping Beauty
79.2%
MMulan
76%
UUp
72.1%
Letter Movie % Correct
DDumbo
71.7%
WWinnie the Pooh
66.6%
RRobin Hood
65.7%
ZZootopia
59.4%
HHercules
56.8%
JThe Jungle Book
54.2%
IThe Incredibles
46.7%
OOliver & Company
42.1%
EThe Emperor's New Groove
27.8%
GThe Great Mouse Detective
24%

You're not logged in!

Compare scores with friends on all Sporcle quizzes.
OR
Log In

Sporcle TV

Today on Sporcle TV


Watch our educational content, quiz creation guides, and fun videos on Sporcle TV.

Show Comments

Extras

Top Quizzes Today


Score Distribution

Paid Content

Your Account Isn't Verified!

In order to create a playlist on Sporcle, you need to verify the email address you used during registration. Go to your Sporcle Settings to finish the process.

Report this User

Report this user for behavior that violates our Community Guidelines.

Details: